States versus markets : the emergence of a global economy /

The rise of the modern State. States, markets, and the origins of International inequality. Economic and hegemonic cycles...

Đã lưu trong:
書目詳細資料
主要作者: Schwartz, Herman M., 1958-
格式: 圖書
語言:English
出版: Basingstoke : Macmillan, 2000.
版:2nd ed.
主題:
標簽: 添加標簽
沒有標簽, 成為第一個標記此記錄!
Thư viện lưu trữ: Mạng thư viện Đại học Đà Nẵng
LEADER 01172cam a2200397 i 4500
001 000048098
003 7798
005 20030311104254.0
008 010316|2000 vm 000 eng
020 |a 0333802632 
040 |a IRC  |c IRC  |d IRC 
041 0 |a eng 
082 1 4 |a 337  |b SC-H 
100 1 |a Schwartz, Herman M.,  |d 1958- 
245 0 0 |a States versus markets :  |b the emergence of a global economy /  |c Herman M. Schwartz. 
250 |a 2nd ed. 
260 |a Basingstoke :  |b Macmillan,  |c 2000. 
300 |a xiii, 347 p. :  |b ill. ;  |c 23.5cm. 
520 3 |a The rise of the modern State. States, markets, and the origins of International inequality. Economic and hegemonic cycles... 
630 0 4 |a Economics. 
630 0 4 |a Commercial policy. 
630 0 4 |a Industrial policy. 
650 0 4 |a Commercial policy. 
650 0 4 |a Industrial policy. 
650 0 4 |a Economic history. 
650 0 4 |a International economic relations. 
OWN |a DUT 
999 |a From the UDN01 
TYP |a Monograph 
TYP |a Printed language 
980 |a Mạng thư viện Đại học Đà Nẵng